Sports Quiz

Random Sports or Baseball Quiz

Mets 20-Win Pitchers Quiz Stats

 Plays Quiz not verified by Sporcle

Score 0/9 Timer 02:00
0 Plays Today
Year Pitcher % Correct
1969Tom Seaver
99.3%
1971Tom Seaver
99.3%
1972Tom Seaver
99.3%
1975Tom Seaver
99.3%
1985Dwight Gooden
98%
2012R.A. Dickey
92.4%
1976Jerry Koosman
82.2%
1988David Cone
82.2%
1990Frank Viola
66.3%

You're not logged in!

Compare scores with friends on all Sporcle quizzes.
OR
Log In

You Might Also Like...

Show Comments

Extras

Top Quizzes Today


Score Distribution

Your Account Isn't Verified!

In order to create a playlist on Sporcle, you need to verify the email address you used during registration. Go to your Sporcle Settings to finish the process.

Report this User

Report this user for behavior that violates our Community Guidelines.

Details: